000 00433nam a2200181Ia 4500
003 0STCL
008 150530s9999 xx 000 0 und d
040 _aSTCL
_cSTCL
100 _aRajagopalan, E.P.
245 _aIndulekha Vayanyute Disakal
250 _a1
260 _bKerala Sahitya Academi; Thrissur
_c2001
_aThrissur
300 _a0
546 _aMalayalam
942 _2ddc
_cBK
999 _c79718
_d79718
005 20220125171726.0